| 000 | 00661nam a2200253Ia 4500 | ||
|---|---|---|---|
| 003 | OSt | ||
| 005 | 20221005031711.0 | ||
| 006 | a|||||r|||| 00| 0 | ||
| 007 | ta | ||
| 008 | 221004b |||||||| |||| 00| 0 tam d | ||
| 020 | _c11 | ||
| 024 | _a63953 | ||
| 037 | _cTextual | ||
| 040 |
_aCRL _cCRL _btam |
||
| 041 |
_2tam _atam |
||
| 082 | _aO31,3(V)NVI,1, L8 | ||
| 100 | _aVikkiraman Au. | ||
| 245 | 0 | _aKulothungan Sabhatham | |
| 260 |
_aChennai _bNarmatha Pathippakam India _c1964 |
||
| 300 |
_a320p. _ccm. |
||
| 650 | _aTAMIL LITERATURE | ||
| 942 |
_hO31,3(V)NVI,1, L8 _cTEXL _2cc |
||
| 999 |
_c938308 _d938308 |
||